000 00229nam a22000857a 4500
999 _c5487
_d5487
008 170116b xxu||||| |||| 00| 0 eng d
020 _a9788172162931
100 _92441
_aAntony.V,.etal.
245 _aVolley ball Player's Hand Book
260 _aNew Delhi
_bF.P.
_c2009